|
|
|
|
| LEADER |
01486nam a2200313 a 4500 |
| 001 |
0017835 |
| 003 |
BD-DhAAL |
| 008 |
090629s2004 it ae bc 000 0 eng d |
| 010 |
|
|
|a \\2004110349
|
| 020 |
|
|
|a 0789312220
|
| 020 |
|
|
|a 9780789312228
|
| 020 |
|
|
|a 8884919622
|
| 040 |
|
|
|a TEF
|c TEF
|d VPI
|d OCL
|d VP@
|d BAKER
|d VRC
|d MUQ
|d YDXCP
|d BTCTA
|d DLC
|d BD-DhAAL
|
| 082 |
0 |
4 |
|a 720.92
|2 21
|
| 245 |
0 |
0 |
|a Richard Meier :
|b recent works /
|c edited by Silvio Cassarà.
|
| 260 |
|
|
|a Milano :
|b Skira ;
|a New York :
|b Universe,
|c 2004.
|
| 300 |
|
|
|a 175 p. :
|b ill. (chiefly col.), plans ;
|c 21 cm
|
| 500 |
|
|
|a "Originally published in Italy in 2004 by Skira Editore S.p.A."--T.p. verso.
|
| 504 |
|
|
|a Includes bibliographical references (pages 173-174).
|
| 526 |
|
|
|a ARC
|x Md. Shajjad Hossain,
Faculty members of the Department of Architecture
|
| 541 |
1 |
|
|e 00017835
|a Zeenat Book Supply Limited
|
| 600 |
1 |
0 |
|a Meier, Richard,
|d 1934-
|x Themes, motives.
|9 31974
|
| 650 |
|
0 |
|a Architecture, Modern
|y 20th century.
|9 31975
|
| 650 |
|
0 |
|a Architecture, Modern
|y 21st century.
|9 31976
|
| 700 |
1 |
|
|a Cassarà, Silvio.
|9 31977
|
| 852 |
4 |
|
|a Ayesha Abed Library
|c General Stacks
|
| 942 |
|
|
|2 ddc
|c BK
|
| 999 |
|
|
|c 1875
|d 1875
|
| 952 |
|
|
|0 0
|1 0
|2 ddc
|4 0
|6 720_920000000000000_RIC_2004
|7 0
|9 1718
|a BRACUL
|b BRACUL
|c GEN
|d 2009-06-29
|e Zeenat Book Supply Limited
|g 2288.00
|l 30
|m 115
|o 720.92 RIC
|p 3010017835
|r 2024-04-21
|s 2024-02-08
|t 1
|w 2009-06-29
|y BK
|x Requisitioned by Md. Shajjad Hossain (Faculty members of the Department of Architecture).
|